000 00570nam a2200181 4500
022 _a9690005103
082 _a423
_bFER
_cN-01, P-146
245 0 0 _aFerozsons English to English and Urdu dictionary.
250 _aNew ed.
260 _aLahore,
_bFerozsons
_c[1973]
300 _a1123 p.
_c26 cm.
500 _aCover title: English to English and Urdu dictionary.
526 _a0
_b0
_c0
_d423_000000000000000_FER
650 0 _aEnglish language
_xDictionaries
_xUrdu.
_947091
650 0 _aEnglish language
_xDictionaries.
_947007
650 0 _aMCE
_9379
942 _2ddc
_cBK
999 _c550391
_d550391